00994nam a2200265 a 450000100060000000300080000600500170001400800410003103500190007204000360009104100080012708200260013511000570016124500560021825000420027426000540031630000290037050000180039965000480041765100530046565100470051894200120056599900170057795201340059463907BD-RjUL20211209081242.0170205s1955 ger 001 0 eng  a(BD-RjUL)64037 aDLCcCChiSdOCoLCdBD-RjULbeng aeng 223a943.086bGER 19551 aGermany (West).bPresse- und Informationsamt918977210aGermany reports /cWith a pref. by Konrad Adenauer. a2d. ed., rev. and brought up to date. aGerman :bThe press and information office,c1955 a424 p. :bill, ;c21 cm. aInclude index 0aReconstruction (1939-1951)zGermany9189773 0aGermany (West)xPolitics and government.9173355 0aGermany (West)xSocial conditions.9189774 2ddccBK c63907d63907 00102ddc40718NFICaRUCLbRUCLcReadingd1955-02-05eZeitlingerl0o943.086 GER 1955r2017-02-05 00:00:00tC-1w2021-12-09yBK